00380nam a2200133Ia 4500008004100000041001200041082001600053100001800069245007900087260004100166300000800207650001800215700001300233221030s9999 xx 000 0 und d aEnglish a105.23bGao aJ. D. Agarwal 0aQuantitative Techniques for Financial Analysiscby J. D. Agarwal, S. Ghosh bIndian Inst. of FinaceaMumbaic1997 a579 aBE Management aS. Ghosh